The vigil : a poem in four voices /

Bibliographic Details
Main Author: Gibson, Margaret, 1944-
Format: Book
Language:English
Published: Baton Rouge : Louisiana State University Press, 1993.

MARC

Tag First Indicator Second Indicator Subfields
LEADER 00000cam a2200000 a 4500
001 in00001165713
005 20151001071801.0
008 930129s1993 laua s000 0 eng
010 |a  93012336  
020 |a 0807118672 (alk. paper) 
020 |a 0807118680 (pbk. : alk. paper) 
035 |a (OCoLC)27429791 
040 |a DLC  |c DLC  |d TXA  |d UtOrBLW 
049 |a TXAM 
050 0 0 |a PS3557.I1916  |b V54 1993 
082 0 0 |a 813/.54  |2 20 
100 1 |a Gibson, Margaret,  |d 1944- 
245 1 4 |a The vigil :  |b a poem in four voices /  |c Margaret Gibson. 
264 1 |a Baton Rouge :  |b Louisiana State University Press,  |c 1993. 
300 |a 116 pages :  |b illustrations ;  |c 24 cm. 
336 |a text  |b txt  |2 rdacontent 
337 |a unmediated  |b n  |2 rdamedia 
338 |a volume  |b nc  |2 rdacarrier 
999 |a MARS 
999 f f |s 5848df9d-beff-3c7f-9c72-ae731a33ab8f  |i dabd9677-1330-3dff-8006-d7051ea0f951  |t 0 
952 f f |p ric  |a Texas A&M University  |b Rellis Campus  |c Joint Library Facility  |d Remote Storage  |t 0  |e PS3557.I1916 V54 1993  |h Library of Congress classification  |i unmediated -- volume  |m A14818020859 
998 f f |a PS3557.I1916 V54 1993  |t 0  |l Remote Storage